Normal view
MARC view
Entry Corporate Name
001 - CONTROL NUMBER
- control field: 3781
003 - CONTROL NUMBER IDENTIFIER
- control field: OSt
005 - DATE AND TIME OF LATEST TRANSACTION
- control field: 20211028141608.0
008 - FIXED-LENGTH DATA ELEMENTS
- fixed length control field: 211028|| aca||aabn | a|a d
040 ## - CATALOGING SOURCE
- Original cataloging agency: OSt
- Transcribing agency: OSt
110 ## - HEADING--CORPORATE NAME
- Corporate name or jurisdiction name as entry element: i2Soft Technologies
670 ## - SOURCE DATA FOUND
- Source citation: Work cat.: (OSt): James, Josna; Dsouza, Manibushan. 101714 3779, Server request portal., 2013